El Maresme /
Descripción Física:
Il·lustracions
Colección:
San Jorge,
; núm. 17 (gener 1955), pàg 39-44
Otros Autores:
Català-Roca, Francesc, 1922-1998
Materias:
Maresme
Idioma:
Español
MARC
| LEADER | 00000naa a2200000 a 4500 | ||
|---|---|---|---|
| 003 | Arxiu | ||
| 005 | 20260324181029.0 | ||
| 008 | 160829s1955 spcaxx s spa c | ||
| 040 | |a AGDB | ||
| 100 | 1 | |a Llobet, Salvador, |d 1908-1991 |9 25877 | |
| 245 | 1 | 3 | |a El Maresme / |c Salvador Llobet, fotos F. Català-Roca |
| 300 | |b Il·lustracions | ||
| 490 | |a San Jorge, |v núm. 17 (gener 1955), pàg 39-44 | ||
| 590 | |a Inclou 12 fotografies | ||
| 651 | 0 | |a Maresme |9 50634 | |
| 700 | 1 | |9 26722 |a Català-Roca, Francesc, |d 1922-1998 |e fotografies | |
| 773 | |g Núm. 17 (gener 1955), pàg 39-44 |t San Jorge. | ||
| 901 | |a Arxiu | ||
| 942 | |n 1 |2 udc |c ART | ||
| 952 | |0 0 |1 0 |4 0 |6 REV510 |7 1 |9 65109 |a Arxiu |b Arxiu |d 2023-01-24 |l 0 |o Rev-510 |r 2023-01-24 00:00:00 |w 2023-01-24 |y ARXIU |z També disponible a Rev-524 | ||
| 999 | |c 46377 |d 46377 | ||